|
|
|
|
| LEADER |
00000cam a2200000 7i4500 |
| 001 |
0000102421 |
| 005 |
20240930093000.0 |
| 008 |
240530s2019 my may |
| 040 |
|
|
|a UniSZA
|e rda
|
| 050 |
0 |
0 |
|a HG3368.A6
|b M84 2019
|
| 090 |
0 |
0 |
|a HG3368.A6
|b M84 2019
|
| 100 |
0 |
|
|a Muhammad Fadhli ,
|e author
|
| 245 |
1 |
0 |
|a Kepatuhan syariah pelelongan cagaran oleh institusi Bank Islam di Aceh
|c Muhammad Fadhli
|
| 264 |
|
1 |
|c ©2019
|
| 300 |
|
|
|a computer discs ;
|c 12 cm.
|
| 336 |
|
|
|a text
|2 rdacontent
|
| 337 |
|
|
|a computer
|2 rdamedia
|
| 338 |
|
|
|a computer disc
|2 rdacarrier
|
| 347 |
|
|
|a text file
|b PDF
|2 rda
|
| 502 |
|
|
|a Thesis (Ijazah Sarjana Sains) - Universiti Sultan Zainal Abidin, 2019
|
| 504 |
|
|
|a Includes bibliographical references (leaves 161-165)
|
| 505 |
0 |
|
|a 1. Pendahuluan -- 2. Sorotan karya -- 3. Metodologi -- 4. Dapatan dan perbincangan -- 5. Penutup
|
| 610 |
2 |
0 |
|a Universiti Sultan Zainal Abidin
|x Faculty of Economics and Management Sciences
|v Dissertations
|
| 610 |
2 |
0 |
|a Universiti Sultan Zainal Abidin
|x Dissertations
|
| 650 |
|
0 |
|a Banks and banking
|x Religious aspects
|x Islam
|
| 650 |
|
0 |
|a Banking law (Islamic law)
|
| 650 |
|
0 |
|a Financial institutions
|
| 650 |
|
0 |
|a Dissertations, Academic
|
| 650 |
|
0 |
|a Financial institutions
|z Aceh (Indonesia)
|
| 710 |
2 |
|
|a Universiti Sultan Zainal Abidin .
|b Faculty of Economics and Management Sciences
|
| 856 |
3 |
0 |
|u https://eperpustakaan.unisza.edu.my/equip-udm/English/home.jsp
|
| 999 |
|
|
|a 1000186393
|b CD-ROM
|c Reference
|e Gong Badak Campus
|